<?xml version="1.0" encoding="UTF-8"?>
<collection xmlns="http://www.loc.gov/MARC21/slim">
 <record>
  <leader>01986nam a2200229 a 4500</leader>
  <controlfield tag="001">1/47129</controlfield>
  <controlfield tag="008">170411s2016    gr            000 0 gre d</controlfield>
  <datafield tag="020" ind1=" " ind2=" ">
   <subfield code="a">9789605037321 (τ. 1)</subfield>
  </datafield>
  <datafield tag="020" ind1=" " ind2=" ">
   <subfield code="a">9789605037338 (τ. 2)</subfield>
  </datafield>
  <datafield tag="035" ind1=" " ind2=" ">
   <subfield code="l">50108</subfield>
  </datafield>
  <datafield tag="040" ind1=" " ind2=" ">
   <subfield code="a">GR-PeUP</subfield>
  </datafield>
  <datafield tag="090" ind1=" " ind2=" ">
   <subfield code="a">822.33 SHΑ ΜΤΦ</subfield>
  </datafield>
  <datafield tag="100" ind1="1" ind2=" ">
   <subfield code="a">Shakespeare, William,</subfield>
   <subfield code="d">1564-1616.</subfield>
  </datafield>
  <datafield tag="245" ind1="1" ind2="0">
   <subfield code="a">Τα Αριστουργήματα Ουίλλιαμ Σαίξπηρ /</subfield>
   <subfield code="c">William Shakespeare; Μετάφραση Ερρίκος Μπελιές.</subfield>
  </datafield>
  <datafield tag="260" ind1=" " ind2=" ">
   <subfield code="a">Αθήνα :</subfield>
   <subfield code="b">Δημοσιογραφικός Οργανισμός Λαμπράκη Α.Ε. Το ΒΗΜΑ;</subfield>
   <subfield code="c">2016.</subfield>
  </datafield>
  <datafield tag="300" ind1=" " ind2=" ">
   <subfield code="a">2 τ. (640 σ. 528 σ.) ;</subfield>
   <subfield code="c">20 εκ.</subfield>
  </datafield>
  <datafield tag="500" ind1=" " ind2=" ">
   <subfield code="a">Πρόκειται για τη σειρά &quot;Άπαντα Θεατρικά Σαίξπηρ&quot; των εκδόσεων Κέδρος: Άμλετ (2007), Βασιλιάς Λήρ (2006), Μάκμπεθ (2007), Ριχάρδος Β (2001), Όνειρο Καλοκαιρινής Νύχτας (2000), Πολύ Κακό για Τίποτα (έκδοση σε πολυτονικό, 1996), Δωδέκατη Νύχτα (έκδοση σε πολυτονικό, 1997), Τέλος Καλό όλα Καλά (2004).</subfield>
  </datafield>
  <datafield tag="505" ind1="0" ind2=" ">
   <subfield code="a">τ. 1. Άμλετ, Βασιλιάς Λήρ, Μάκμπεθ, Ριχάρδος Β. τ. 2. Όνειρο Καλοκαιρινής Νύχτας, Πολύ Κακό για Τίποτα. Δωδέκατη Νύχτα. Τέλος Καλό όλα Καλά.</subfield>
  </datafield>
  <datafield tag="500" ind1=" " ind2=" ">
   <subfield code="a">Τίτλος πρωτοτύπου: Hamlet, King Lear,, Macbeth, Richard II, A Midsummer Night's Dream, Much Ado About Nothing, Twelfth Night, All's Well That Ends Well.</subfield>
  </datafield>
  <datafield tag="700" ind1="1" ind2=" ">
   <subfield code="a">Μπελιές, Ερρίκος.</subfield>
  </datafield>
  <datafield tag="852" ind1=" " ind2=" ">
   <subfield code="a">INST</subfield>
   <subfield code="b">UNIPILB</subfield>
   <subfield code="c">MAIN</subfield>
   <subfield code="e">20170411</subfield>
   <subfield code="h">822.33 SHΑ ΜΤΦ</subfield>
   <subfield code="p">00177335</subfield>
   <subfield code="q">00177335</subfield>
   <subfield code="t">LOAN</subfield>
   <subfield code="v">τ.2:</subfield>
   <subfield code="y">0</subfield>
   <subfield code="z">τ.2</subfield>
   <subfield code="4">1</subfield>
  </datafield>
  <datafield tag="852" ind1=" " ind2=" ">
   <subfield code="a">INST</subfield>
   <subfield code="b">UNIPILB</subfield>
   <subfield code="c">MAIN</subfield>
   <subfield code="e">20170411</subfield>
   <subfield code="h">822.33 SHΑ ΜΤΦ</subfield>
   <subfield code="p">00177336</subfield>
   <subfield code="q">00177336</subfield>
   <subfield code="t">LOAN</subfield>
   <subfield code="v">τ.1:</subfield>
   <subfield code="y">0</subfield>
   <subfield code="z">τ.1</subfield>
   <subfield code="4">1</subfield>
  </datafield>
 </record>
</collection>
